000
00224nam a22000977a 4500
999
_c
262852
_d
262851
020
_a
9780425287453
100
_a
Floyd Cooper
245
_a
Max and the Tag-along Moon
260
_a
New York
_b
Penguin Group
_c
2013
942
_c
BK